00443nam a2200169Ia 4500003000400000005001700004008004000021020001800061040000700079041000800086082001500094100002000109245006300129250000600192260006300198300001200261OSt20240229142443.0210210b2020 xxu||||| |||| 00| 0 eng d a9789389538533 cAL aeng a500.2 BEIS aBEISER (Arthur) aSchaums outline of theory and problems of physical science a2 aNoidabMcGraw Hill Education (India) Private Limitedc2020 axii,368